The little wife; (Record no. 17862)

MARC details
000 -LEADER
fixed length control field 00714cam a22002411 4500
001 - CONTROL NUMBER
control field ca 35000645
003 - CONTROL NUMBER IDENTIFIER
control field DLC
005 - DATE AND TIME OF LATEST TRANSACTION
control field 20260227111138.0
008 - FIXED-LENGTH DATA ELEMENTS--GENERAL INFORMATION
fixed length control field 790416s1935 xx 000 0 eng
010 ## - LIBRARY OF CONGRESS CONTROL NUMBER
LC control number ca 35000645
035 ## - SYSTEM CONTROL NUMBER
System control number (OCoLC)4860864
040 ## - CATALOGING SOURCE
Original cataloging agency DLC
Transcribing agency OCl
Modifying agency DLC
042 ## - AUTHENTICATION CODE
Authentication code premarc
050 00 - LIBRARY OF CONGRESS CALL NUMBER
Classification number PS3511.A625
Item number L5 1935
082 ## - DEWEY DECIMAL CLASSIFICATION NUMBER
Classification number 812.5
100 1# - MAIN ENTRY--PERSONAL NAME
Personal name Farey, Arthur.
245 14 - TITLE STATEMENT
Title The little wife;
Remainder of title a one-act play,
Statement of responsibility, etc. by Arthur Farey; edited by Arthur C. Cloetingh.
260 ## - PUBLICATION, DISTRIBUTION, ETC.
Place of publication, distribution, etc. New York,
-- Los Angeles,
Name of publisher, distributor, etc. S. French
Date of publication, distribution, etc. [c1935]
300 ## - PHYSICAL DESCRIPTION
Extent 29, [1] p.
Other physical details diagr.
Dimensions 19 cm.
500 ## - GENERAL NOTE
General note At head of title: Thelphia plays.
700 1# - ADDED ENTRY--PERSONAL NAME
Personal name Cloetingh, Arthur Charles,
Relator term ed.
740 0# - ADDED ENTRY--UNCONTROLLED RELATED/ANALYTICAL TITLE
Uncontrolled related/analytical title Thelphia plays.

No items available.

Powered by Koha